The complete guide to acquisitions management / (Record no. 134563)

MARC details
000 -LEADER
fixed length control field 00869nam a22002777a 4500
003 - CONTROL NUMBER IDENTIFIER
control field 0
005 - DATE AND TIME OF LATEST TRANSACTION
control field 20180804110447.0
008 - FIXED-LENGTH DATA ELEMENTS--GENERAL INFORMATION
fixed length control field 0
010 ## - LIBRARY OF CONGRESS CONTROL NUMBER
LC control number B-168421
020 ## - INTERNATIONAL STANDARD BOOK NUMBER
Terms of availability 1100.00
International Standard Book Number 9781563088926
035 ## - SYSTEM CONTROL NUMBER
System control number B-168421, B-168423
037 ## - SOURCE OF ACQUISITION
Source of stock number/acquisition Cen Lib/Ret
040 ## - CATALOGING SOURCE
Original cataloging agency DPL
Language of cataloging EN
Transcribing agency 0
082 ## - DEWEY DECIMAL CLASSIFICATION NUMBER
Classification number 025.2
Item number WIL
100 ## - MAIN ENTRY--PERSONAL NAME
Personal name Wilkinson, Frances C.
9 (RLIN) 41092
245 ## - TITLE STATEMENT
Title The complete guide to acquisitions management /
Statement of responsibility, etc by Frances C. Wilkinson [and] Linda K. Lewis
260 ## - PUBLICATION, DISTRIBUTION, ETC. (IMPRINT)
Place of publication, distribution, etc Westport
Name of publisher, distributor, etc Libraries Unlimited
Date of publication, distribution, etc 2003
270 ## - ADDRESS
City Westport
300 ## - PHYSICAL DESCRIPTION
Extent viii,297p.
Dimensions 23cm(pbk)
490 ## - SERIES STATEMENT
Series statement Library and information science text series
500 ## - GENERAL NOTE
General note Includes index<br/>
650 ## - SUBJECT ADDED ENTRY--TOPICAL TERM
Topical term or geographic name as entry element Acquisitions (Libraries) -- United States
9 (RLIN) 41093
650 ## - SUBJECT ADDED ENTRY--TOPICAL TERM
Topical term or geographic name as entry element Acquisitions (Libraries)
9 (RLIN) 36069
700 ## - ADDED ENTRY--PERSONAL NAME
Personal name Lewis, Linda K.
9 (RLIN) 41094
942 ## - ADDED ENTRY ELEMENTS (KOHA)
Source of classification or shelving scheme Dewey Decimal Classification
Koha item type English Books
Classification part 025.2
Call number suffix WIL
Holdings
Withdrawn status Lost status Damaged status Not for loan Home library Current library Date acquired Source of acquisition Cost, normal purchase price Total Checkouts Full call number Barcode Date last seen Copy number Cost, replacement price Price effective from Koha item type Collection code Source of classification or shelving scheme
        Central Library Central Library 30/07/2015 Cen Lib/Ret 1100.00   025.2 WIL B-168421 30/07/2015 1 1100.00 30/07/2015 English Books    
      Not For Loan Central Library Central Library 30/07/2015 Cen Lib/Ret 1100.00   025.2 WIL B-168422 30/07/2015 2 1100.00 15/09/2016 English Books Reference  
        Patel Nagar Patel Nagar 04/08/2018 BPPD/PUB 1100.00   025.2 WIL B-168423 04/08/2018   1100.00 04/08/2018 English Books Non-fiction Dewey Decimal Classification

© Delhi Public Library
Hit Counter
free hit counter